000 00462nam a2200181Ia 4500
005 20250326130017.0
008 250326s9999 xx 000 0 und d
037 _aTextbook
040 _aFMSL
_beng
_cFMSL
041 _aeng
_2eng
084 _aX N2
_qFMSL
100 _aGreennald D
_9740025
245 0 _aModern economics
_cGreennald D
260 _aNY
_bNY, McGraw-Hill
_c1972
300 _a792p
942 _cTB
_hX N2
999 _c1280550
_d1280550